ՀՀ Գիտությունների ազգային ակադեմիայի հիմնարար գիտական գրադարան  =   Fundamental Scientific Library of NAS RA

Икбал : (Record no. 386374)

MARC details
000 -LEADER
fixed length control field 00840nam a22002177a 4500
003 - CONTROL NUMBER IDENTIFIER
control field AM-YeHGA
005 - DATE AND TIME OF LATEST TRANSACTION
control field 20250617153216.0
008 - FIXED-LENGTH DATA ELEMENTS--GENERAL INFORMATION
fixed length control field 170616b xxu||||| |||| 00| 0 rus d
040 ## - CATALOGING SOURCE
Original cataloging agency AM-YeHGA
041 1# - LANGUAGE CODE
Language code of text/sound track or separate title rus
Language code of original eng
090 ## - LOCALLY ASSIGNED LC-TYPE CALL NUMBER (OCLC); LOCAL CALL NUMBER (RLIN)
-- 388354
100 1# - MAIN ENTRY--PERSONAL NAME
Personal name Вахид, Саид Абдул
245 10 - TITLE STATEMENT
Title Икбал :
Remainder of title Творчество и мировоззрение /
Statement of responsibility, etc. Саид Абдул Вахид; Пер. с англ. М.З. Шахиди; АН ТаджССР, Ин-т востоковедения
260 ## - PUBLICATION, DISTRIBUTION, ETC.
Place of publication, distribution, etc. Душанбе :
Name of publisher, distributor, etc. Дониш,
Date of publication, distribution, etc. 1978.
300 ## - PHYSICAL DESCRIPTION
Extent 96 с.
600 14 - SUBJECT ADDED ENTRY--PERSONAL NAME
Personal name Икбал, Мухаммад
653 0# - INDEX TERM--UNCONTROLLED
Uncontrolled term Поэзия народов Индии, 20 в.
700 1# - ADDED ENTRY--PERSONAL NAME
Personal name Шахиди, М.З.
Relator term пер.
Relationship trl
710 2# - ADDED ENTRY--CORPORATE NAME
Corporate name or jurisdiction name as entry element Институт востоковедения АН ТаджССР
942 ## - ADDED ENTRY ELEMENTS (KOHA)
Source of classification or shelving scheme Universal Decimal Classification
Koha item type Գրքեր / Books
Holdings
Withdrawn status Lost status Source of classification or shelving scheme Damaged status Not for loan Collection Home library Current library Date acquired Total checkouts Full call number Barcode Date last seen Price effective from Koha item type Public note
    Universal Decimal Classification     General Fundamental Scientific Library Fundamental Scientific Library 19/07/2017   PII/435617 FL0453105 19/07/2017 19/07/2017 Գրքեր / Books 30 Days Loan


ՀՀ ԳԱԱ հիմնարար գիտական գրադարան
ՀՀ,Երևան 0019
Մարշալ Բաղրամյան 24/6
հեռախոս:(374-10) 52-47-50
Հետադարձ կապ

All site content, except where otherwise noted, is licensed under a
Creative Commons License